| 000 | 01037cam a2200337 i 4500 | ||
|---|---|---|---|
| 999 |
_c200441559 _d59771 |
||
| 001 | 1308187 | ||
| 003 | TR-AnTOB | ||
| 005 | 20240824073709.0 | ||
| 007 | ta | ||
| 008 | 210625s1966 xx 000 0 eng d | ||
| 010 | _a67105995 | ||
| 015 | _aGB67-15200 | ||
| 040 |
_aTOL _beng _erda _cTOL _dOCL _dUKM _dEEM _dUtOrBLW _dTR-AnTOB |
||
| 041 | 0 | _aeng | |
| 043 | _ae-gw--- | ||
| 050 | 0 | 4 |
_aTD573 _b.074 1966 |
| 090 |
_aTD573 _b.074 1966 |
||
| 110 | 2 |
_aOrganisation for Economic Co-operation and Development _933753 |
|
| 245 | 1 | 0 | _aTreatment of mixed domestic sewage and industrial waste waters in Germany. |
| 264 | 1 |
_a[Paris] : _b[O.E.C.D.], _c[1966] |
|
| 300 |
_a113 pages : _billustrations tables ; _c27 cm |
||
| 336 |
_atext _btxt _2rdacontent |
||
| 337 |
_aunmediated _bn _2rdamedia |
||
| 338 |
_avolume _bnc _2rdacarrier |
||
| 504 | _aBIB | ||
| 650 | 0 |
_aSewage disposal _zGermany (West) _9132056 |
|
| 650 | 0 |
_aFactory and trade waste _zGermany (West) _933622 |
|
| 942 |
_2lcc _cBK |
||